000 00995 a2200253 4500
001 sjds
003 sjds
005 20240506173745.0
008 240506b |||||||| |||| 00| 0 spa d
020 _a9780395787113
020 _a0395787114
040 _csjds
041 _aspa
100 _aCanetti, Yanitzia
245 _aABC ya me lo se! :
_bun alfabeto escolar /
_c Yanitzia Canetti ; Diane Paterson (Illustrator)
260 _aBoston, MA :
_bHoughton Mifflin Co.,
_c1997
300 _a38 pages :
_billustrations ;
_c54 cm
505 _aABC ya me lo se! : un alfabeto escolar / Yanitzia Canetti Que es lo que ves? : un alfabeto fotografico / por Arlene Alda En clase con Leo Leon : un diccionario de dibujos / por Lisa Haughom Dilo con senas : un ensayo fotografico interactibo AAA... mi abuelita me dara : un poema / por Alma Flor Ada
700 _aPaterson, Diane
_eIllustrator
700 _aAda, Alma Flor
700 _aAlda, Arlene
700 _aHaughom, Lisa
942 _cBK
999 _c15900
_d15900